000 00775nas a2200253 4500
001 BR2019000644
003 BR-BrBNA
005 20231205131627.0
007 ta
008 230509b bl.|||p| |||| 00| 00por d
040 _aBR-BrBNA
_bpor
_cBiblioteca Nacional de Agricultura
041 _a(Pt)
072 _aE80
100 1 _aSchmitz, H.
100 1 _aMota, D.M. da
245 1 _aAgricultura familiar: elementos teóricos e empíricos
650 _aAGRICULTURA FAMILIAR
650 _aPEQUENO PRODUTOR
650 _aSEGURANÇA ALIMENTAR
773 0 _tAgrotrópica (Brazil)
_xISSN 0103-3816
_g(Jan-Dec 2007), v. 19(no. único) p. 21-30
_wBR2019000644
856 4 0 _dLink DSPACE/MAPA BR2019000644
909 _a202311
_bLúcia
_c55
_dLúcia Elande
942 _2AGRIS
_n0
_cANA
999 _c255790
_d255790